000 00941nam a22002175i 4500
001 165778
003 ES-MaACL
005 20230906213214.0
008 000118m18771878xxua |||| | eng d
040 _aM-RACE
_bspa
_cM-RACE
_dCCPB | B
100 1 _aStevenson, John James.
_9108167
245 1 0 _aReport of progress in the Fayette & Westmoveland district of the bituminous coald-fields of western Pennsylvania /
_cby J. J. Stevenson.
260 _aHarrisburg :
_bThe board of Commissioners,
_c1877-1878.
300 _a2 v. ;
_c23 cm.
490 1 _aSecond Geological Survey of Pennsylvania
505 8 _aContiene : Part I. Eastern Allegheny County and Fayette and Westmoreland Countles west from Chestnut Ridge -- Part II. The ligonier Valley
650 4 _aGeologĂ­a-
_zPennsylvania.
_9224250
830 0 _aSecond Geological Survey of Pennsylvania
_9222494
852 _aES-MaACL
_jB-7989-7990
_z-- Enc. hol.
999 _c165778
_d165778